Normal view
MARC view
- Bassett, Edward G.
Entry Personal Name
001 - CONTROL NUMBER
- control field: 5095
003 - CONTROL NUMBER IDENTIFIER
- control field: OSt
005 - DATE AND TIME OF LATEST TRANSACTION
- control field: 20170516154047.0
008 - FIXED-LENGTH DATA ELEMENTS
- fixed length control field: 170516|| aca||aabn | a|a d
040 ## - CATALOGING SOURCE
- Original cataloging agency: OSt
- Transcribing agency: OSt
100 ## - HEADING--PERSONAL NAME
- Personal name: Bassett, Edward G.
- Dates associated with a name: 1927-1999
- Fuller form of name: (Edward Graham)
670 ## - SOURCE DATA FOUND
- Source citation: Work cat.: (OSt): Mechanisms of pain and analgesic compounds /, c1979

PORTAL AKMAL
E-MEL JKDM
AKMAL2U
G-BAM
u-PUSTAKA